Cyclisme : Les vainqueurs d'étapes sur le tour de France : mort subite - Statistiques

Statistiques générales
  • Ce quiz a été pris 311 fois
  • Le résultat moyen est 6 sur 16
Answers on the Grid
Answers color-coded by a green-red scale on the quiz's grid according to % correct below.
Wout van Aert
Vincenzo Nibali
Giulio Ciccone
Jonathan Milan
Bryan Coquard
Tim Merlier
Thomas Pidcock
Christian Scaroni
Richard Carapaz
Tom Dumoulin
Filippo Ganna
Alejandro Valverde
Arnaud Démare
Derek Gee-West
Rigoberto Urán
Bauke Mollema
Paul Magnier
Rui Costa
Wilco Kelderman
Rohan Dennis
Tony Gallopin
Egan Bernal
David Gaudu
Adam Yates
Lorenzo Fortunato
Isaac del Toro
Marc Hirschi
Mikel Landa
Arnaud De Lie
Luke Plapp
 
Statistiques - réponses
Réponse % Correct
Wout van Aert
93%
Vincenzo Nibali
81%
Jonathan Milan
51%
Tim Merlier
50%
Thomas Pidcock
48%
Richard Carapaz
44%
Alejandro Valverde
39%
Tom Dumoulin
34%
Arnaud Démare
32%
Adam Yates
28%
Bauke Mollema
26%
Rui Costa
25%
Tony Gallopin
25%
Marc Hirschi
21%
Rigoberto Urán
20%
Rohan Dennis
19%
Aucun quiz correspondant
Distribution des résultats
% des personnes avec chaque résultat
Percentile par nombre de réponses
Votre historique - résultats
Vous n’avez pas pris ce quiz